00791cam a22002298a 450000500170000000800390001702000150005602000180007104000500008904100080013910000170014724500830016426000510024730000380029849000320033650400530036865000420042165000250046365000280048865000290051670000160054520170621120421.0140725s2004 xxua fr 001 0 eng a0071440828 a9780071440820 aCO-BoUCMbspacJose A. GerenadJose A. Gerena0 aeng1 aSmith, Clint10a3G wireless with WiMAX and Wi-Fi b802.16 and 802.11 cClint Smith, John Meyer aNueva York (Estados Unidos)bMcGraw-Hillc2004 axii, 234 páginasbilustraciones acommunications engieneering aIncluye referencias bibliográficas e índices 7aSistemas móviles de comunicación  7aTelefonía celular  7aRedes de comunicaciones 7aCentrales telefónicas 1 aMeyer, John